[Event "Championnat de France - Open A"]
[Site "Nimes"]
[Date "2009.08.22"]
[Round "11.10"]
[White "Forestier, Carole"]
[Black "Mora, Pascal"]
[Result "1-0"]
[WhiteElo "2111"]
[BlackElo "2092"]
[PlyCount "101"]
[EventDate "2009.??.??"]

1. d4 d5 2. Nf3 Nf6 3. c4 e6 4. Nc3 Nbd7 5. e3 c6 6. Qc2 Bd6 7. Bd3 O-O 8. O-O
h6 9. b3 e5 10. dxe5 Nxe5 11. Nxe5 Bxe5 12. h3 Bc7 13. Ba3 Re8 14. Rad1 Be6 15.
cxd5 cxd5 16. Bb5 Rc8 17. Bxe8 Qxe8 18. Qd3 Bb8 19. Ne2 Bd7 20. Nd4 a6 21. Rc1
Rd8 22. Rfd1 Qe5 23. Nf3 Qh5 24. Be7 Re8 25. Bxf6 Bxh3 26. Qxd5 Qg6 27. Bg5 Be6
28. Qd3 Qxd3 29. Rxd3 hxg5 30. Nxg5 Bf5 31. Rd5 Bg4 32. Rc4 Bh5 33. Rdc5 f6 34.
Nh3 b5 35. Rc1 Bg4 36. Rd5 Kh7 37. Rd4 Bc8 38. Rcd1 Bc7 39. Nf4 g5 40. Nd5 Be5
41. R4d2 Kg7 42. Nb6 Be6 43. Nd7 Bc3 44. Rd6 a5 45. Rb6 Re7 46. Rxb5 Bb4 47.
Nc5 Bg4 48. f3 Bh5 49. Kf2 Be8 50. Rxb4 axb4 51. Na6 1-0